000 00577nam a2200229Ia 4500
001 46750
005 20240114003804.0
007 ta
008 090402s g b000 u 465 u
040 _aCotton College,Assam
041 _a465
082 _a330
_bH 997 Ec
100 _aHyndman, H. M .
245 0 _aThe Economics Of Socialism /
_cH. M. Hyndman.
_hTextual Documents
250 _a1st ed. /
260 _aLondon :
_bSn ,
_cNd.
300 _a257p. ;
_c18 cm..
653 _aT/G-Economics
942 _2ddc
_cBK
999 _c46715
_d46715